000 00710nam a22002297a 4500
005 20170124105923.0
010 _aB-121641
020 _c890.00
_a81210819
035 _aB-121641
037 _bCen Lib/Ret
040 _aDPL
_bEN
082 _a323
_bHUM
245 _aHuman rights and the constitution :
_cedited K.P. Saksena
_bvision and the reality /
260 _aNew Delhi
_bGyan Publishing House
_c2003
270 _a5, Ansari Road Darya Ganj
_bNew Delhi
_e110002
300 _a397p.
_c20cm(Hb)
500 _aIncludes index
650 _aConstitutional law -- India
_973717
650 _aHuman rights -- India
_92461
700 _aSaksena, K.P.
_95465
942 _2ddc
_cEN
_h323
_mHUM
999 _c123335
_d123335